| 000 | 00359nam a2200145Ia 4500 | ||
|---|---|---|---|
| 008 | 191201s2018 xx 000 0 und d | ||
| 082 | _a615.321 GOP | ||
| 100 | _aGOKHALE, SB | ||
| 245 | 0 | _aPharmacognosy of Animal drugs | |
| 260 |
_bNirali Pub _aNew delhi _c2018 |
||
| 300 | _aMISC | ||
| 650 | _aPharmacognosy | ||
| 700 | _a KALASKAR, M.G | ||
| 942 |
_2ddc _cBK |
||
| 999 |
_c8298 _d8298 |
||